LEADER 00578cac0 22001931 450 001 SOBE00023272 005 20120308141935.0 100 $a20120308c1999 |||||ita|0103 ba 102 $aIT 110 $ab 200 1 $aCinquecento$iTesti 210 $aManziana (Roma)$cVecchiarelli$d1999- 801 0$aIT$bUNISOB$c20120308$gRICA 912 $aSOBE00023272 940 $aC 121 Collana SBN 941 $aC 996 $aCinquecento$974775 997 $aUNISOB 998 \\$1001SOBE00023271$12001 $aOccasioni aretiniane$eVita di Pietro Aretino del Berna, Abbattimento, Nuova contentione LEADER 01762nam0 22003491i 450 001 UON00422828 005 20231205104833.725 010 $a978-90-429-2525-0 100 $a20130417d2012 |0itac50 ba 101 $aeng 102 $aBE 105 $a|||| 1|||| 200 1 $aHappiness for mankid$eAchaemenian religion and the imperial project$fBy Bruce Lincoln 210 $aLeuven$cPeeters$d2012 215 $aXXI, 554 p.$cill.$d25 cm 311 $aIR VII 030 N$9UON00000273 410 0$1001UON00000273$12001 $aActa Iranica$eEncyclopédie permanente des études iraniennes$1300 $aDal 1979 pubblicata dal Centre International d'Etudes Indo-iraniennes di Liegi, poi Peeters$v53 IR VII 030 N 606 $aRELIGIONE$xIRAN$xPERIODO ACHEMENIDE$3UONC006275$2FI 606 $aDINASTIA ACHEMENIDE$x(559-330 a.C)$xRELIGIONE$3UONC084263$2FI 620 $aBE$dLouvain$3UONL000316 686 $aIR VII$cIRAN ANTICO - FILOSOFIA E RELIGIONE$2A 700 1$aLINCOLN$bBruce$3UONV000014$0260225 712 $aPeeters$3UONV245906$4650 801 $aIT$bSOL$c20240220$gRICA 899 $aSIBA - SISTEMA BIBLIOTECARIO DI ATENEO$2UONSI 912 $aUON00422828 950 $aSIBA - SISTEMA BIBLIOTECARIO DI ATENEO$dSI IR VII 030 N $eSI 5946 6 030 N 951 $aSIBA - SISTEMA BIBLIOTECARIO DI ATENEO$bSI201369 1J 20130423Rossi Prin 2009 966 $aICONOGRAFIA ACHEMENIDE$yRELIGIONE - IRAN - PERIODO ACHEMENIDE$3UONC006277 966 $aZOROASTRISMO - PERIODO ACHEMENIDE$yRELIGIONE - IRAN - PERIODO ACHEMENIDE$3UONC000925 996 $aHappiness for mankid$91334549 997 $aUNIOR